[Event "SportAccord World Mind Games (Women, Blitz)"]
[Site "Beijing CHN"]
[Date "2013.12.16"]
[EventDate "2013.12.14"]
[Round "22.7"]
[Result "0-1"]
[White "Anna Muzychuk"]
[Black "Koneru Humpy"]
[WhiteElo "2566"]
[BlackElo "2607"]
[PlyCount "90"]

1. e4 c5 2. Nf3 e6 3. c4 a6 4. Nc3 Qc7 5. d4 cxd4 6. Nxd4 Nf6
7. Be2 b6 8. O-O Bb7 9. f3 h5 10. Be3 d6 11. Rc1 Nbd7 12. Qd2
Be7 13. b4 O-O 14. Rfd1 Rfc8 15. Nb3 Qd8 16. Bf4 Ne8 17. Kh1
h4 18. Na4 Bc6 19. Nc3 Bb7 20. a3 Rc6 21. Na4 Rcc8 22. Bf1 Bc6
23. Nc3 Bb7 24. Qf2 Qc7 25. Na4 Bc6 26. Nb2 Ne5 27. c5 bxc5
28. bxc5 Ng6 29. cxd6 Bxd6 30. Bxd6 Nxd6 31. Nd4 Qb7 32. Nd3
Ba4 33. Re1 Bb5 34. Nb4 Bxf1 35. Qxf1 Nb5 36. Nxb5 axb5
37. Qd3 h3 38. g3 Ne5 39. Rxc8+ Rxc8 40. Qe3 Nc4 41. Qg5 Qa7
42. Qg4 Qf2 43. Rg1 Ne3 44. Qf4 e5 45. Nd3 Qxg1+ 0-1

[Event "SportAccord World Mind Games (Women, Blitz)"]
[Site "Beijing CHN"]
[Date "2013.12.16"]
[EventDate "2013.12.14"]
[Round "25.1"]
[Result "1-0"]
[White "Anna Muzychuk"]
[Black "Kateryna Lahno"]
[WhiteElo "2566"]
[BlackElo "2543"]
[PlyCount "67"]

1. e4 e6 2. d4 d5 3. Nc3 Bb4 4. exd5 exd5 5. Bd3 c6 6. Nf3 Ne7
7. O-O O-O 8. h3 Bf5 9. Bf4 Nd7 10. Ne2 Nf6 11. Ng3 Bg6 12. c3
Bd6 13. Bxd6 Qxd6 14. Re1 Rfe8 15. Ne5 Bxd3 16. Qxd3 Ng6
17. Nf5 Qc7 18. Qg3 Ne4 19. Qg4 h5 20. Qxh5 Nxe5 21. dxe5 Rxe5
22. f3 Ng3 23. Nh6+ gxh6 24. Qxe5 Qxe5 25. Rxe5 f6 26. Re7 Nf5
27. Rxb7 Re8 28. Kf2 d4 29. Re1 Rd8 30. cxd4 Nxd4 31. Ree7 Nf5
32. Red7 Re8 33. g4 Nh4 34. Kg3 1-0

[Event "SportAccord World Mind Games (Women, Blitz)"]
[Site "Beijing CHN"]
[Date "2013.12.16"]
[EventDate "2013.12.14"]
[Round "29.3"]
[Result "1-0"]
[White "Anna Muzychuk"]
[Black "Pia Cramling"]
[WhiteElo "2566"]
[BlackElo "2525"]
[PlyCount "37"]

1. f4 d5 2. Nf3 g6 3. g3 Bg7 4. Bg2 b6 5. O-O Bb7 6. d3 Nh6
7. e3 Nd7 8. Qe2 f5 9. Nc3 O-O 10. Ng5 c6 11. Ne6 Qe8 12. Nxf8
Qxf8 13. e4 dxe4 14. dxe4 e5 15. fxe5 Nxe5 16. Bxh6 Bxh6
17. exf5 Qc5+ 18. Kh1 Re8 19. Ne4 1-0

[Event "SportAccord World Mind Games (Women, Blitz)"]
[Site "Beijing CHN"]
[Date "2013.12.16"]
[EventDate "2013.12.14"]
[Round "30.6"]
[Result "0-1"]
[White "Ju Wenjun"]
[Black "Anna Muzychuk"]
[WhiteElo "2514"]
[BlackElo "2566"]
[PlyCount "71"]

1. Nf3 c5 2. c4 Nc6 3. e3 Nf6 4. d4 cxd4 5. exd4 d5 6. c5 g6
7. Be2 Bg7 8. O-O O-O 9. h3 Bf5 10. Be3 b6 11. Bb5 Nb4 12. Nh4
Bd7 13. Bxd7 Qxd7 14. a3 Nc6 15. cxb6 axb6 16. Nf3 Ne4
17. Nbd2 Rfc8 18. Rc1 Nxd2 19. Qxd2 Na5 20. Qb4 Nc4 21. b3
Nxe3 22. fxe3 Qe6 23. Rce1 Bh6 24. Kh1 Rc2 25. Rc1 Rac8
26. Rxc2 Rxc2 27. Qb5 Bxe3 28. Qe8+ Kg7 29. Ne5 f6 30. Nd7 Kh6
31. Qf8+ Kg5 32. Qb8 Qe4 33. Qg3+ Kh6 34. Nxb6 Bxd4 35. Nd7
Rc3 36. Rf3 0-1

[Event "SportAccord World Mind Games (Women, Basque)"]
[Site "Beijing CHN"]
[Date "2013.12.17"]
[EventDate "2013.12.17"]
[Round "1.2"]
[Result "1-0"]
[White "Anna Muzychuk"]
[Black "Nana Dzagnidze"]
[WhiteElo "2566"]
[BlackElo "2557"]
[PlyCount "113"]

1. e4 c5 2. Nf3 e6 3. d4 cxd4 4. Nxd4 a6 5. c4 Nf6 6. Nc3 Qc7
7. Be2 Nc6 8. Be3 Ne5 9. O-O Bb4 10. Na4 Nxe4 11. c5 Nxc5
12. Rc1 d6 13. a3 Bxa3 14. bxa3 b6 15. f4 Ned7 16. Bf3 Bb7
17. f5 e5 18. f6 exd4 19. fxg7 Rg8 20. Bxd4 O-O-O 21. Bxb7+
Qxb7 22. Rxf7 Qc6 23. Bxc5 dxc5 24. Qb3 Rge8 25. Rd1 b5
26. Rfxd7 Rxd7 27. Rxd7 Kxd7 28. Qf7+ Kd8 29. g8=Q Rxg8
30. Qxg8+ Kc7 31. Nc3 Qg6 32. Qd5 Qd6 33. h4 c4 34. Qxd6+ Kxd6
35. Kf2 Kc5 36. Ke3 a5 37. g4 b4 38. Ne4+ Kd5 39. axb4 axb4
40. g5 c3 41. h5 Ke6 42. Kd3 Ke7 43. Kc2 Ke6 44. Kd3 Ke7
45. Nc5 Kf7 46. Kc2 Ke7 47. Kb3 Kf7 48. Kc2 Ke7 49. Kb3 Kf7
50. Kxb4 c2 51. Nd3 Ke6 52. Kc3 Kf5 53. g6 hxg6 54. h6 c1=Q+
55. Nxc1 Kf6 56. Nd3 g5 57. Ne5 1-0

[Event "SportAccord World Mind Games (Women, Basque)"]
[Site "Beijing CHN"]
[Date "2013.12.17"]
[EventDate "2013.12.17"]
[Round "2.1"]
[Result "0-1"]
[White "Anna Muzychuk"]
[Black "Valentina Gunina"]
[WhiteElo "2566"]
[BlackElo "2509"]
[PlyCount "56"]

1. e4 c6 2. Nc3 d5 3. Nf3 Bg4 4. h3 Bxf3 5. Qxf3 Nf6 6. d4
dxe4 7. Qe3 Nbd7 8. Nxe4 Nxe4 9. Qxe4 Nf6 10. Qd3 e6 11. g3
Qd5 12. Rg1 O-O-O 13. Be3 Qa5+ 14. c3 Bd6 15. Bg2 Rhe8 16. Qc4
Nd5 17. Bf3 Nxe3 18. fxe3 Qg5 19. Kf2 e5 20. d5 e4 21. Bxe4 f5
22. h4 Qh6 23. Bxf5+ Kb8 24. e4 cxd5 25. Qd4 g6 26. Bh3 Rxe4
27. Qd3 Rf8+ 28. Kg2 Re3 0-1

[Event "SportAccord World Mind Games (Women, Basque)"]
[Site "Beijing CHN"]
[Date "2013.12.17"]
[EventDate "2013.12.17"]
[Round "2.2"]
[Result "1/2-1/2"]
[White "Valentina Gunina"]
[Black "Anna Muzychuk"]
[WhiteElo "2509"]
[BlackElo "2566"]
[PlyCount "122"]

1. d4 d5 2. c4 c6 3. Nf3 Nf6 4. Nc3 e6 5. Bg5 h6 6. Bxf6 Qxf6
7. e3 g6 8. Bd3 dxc4 9. Bxc4 Nd7 10. O-O Bg7 11. Rc1 O-O
12. Ne4 Qe7 13. Bb3 b6 14. Ba4 c5 15. Bc6 Rb8 16. Qa4 Bb7
17. Bxb7 Rxb7 18. Rfd1 f5 19. Nc3 Rc8 20. Nb5 Ra8 21. Qb3 a6
22. Nc3 b5 23. Nd5 Qd6 24. Nf4 c4 25. Qc2 Kh7 26. g3 g5
27. Nh5 Qd5 28. Nd2 Nf6 29. Nxf6+ Bxf6 30. e4 fxe4 31. Nxe4
Kg7 32. Nxf6 Kxf6 33. Re1 Rd8 34. Re4 Qf5 35. Qe2 Rf7 36. Re1
Kg7 37. f4 Rd6 38. fxg5 hxg5 39. Re5 Qg6 40. Qe3 Rf5 41. Rxf5
Qxf5 42. Rf1 Qd5 43. Rf2 Rd7 44. Qd2 Rf7 45. Re2 Rf5 46. Qe3
Kf6 47. h4 gxh4 48. Qh6+ Ke7 49. Qxh4+ Kd7 50. Qh7+ Kd8
51. Qh8+ Kc7 52. Rh2 Rf7 53. Rh5 Qe4 54. Rc5+ Kb7 55. Qc8+ Ka7
56. Rc7+ Rxc7 57. Qxc7+ Ka8 58. Qc8+ Ka7 59. Qc7+ Ka8 60. Qc8+
Ka7 61. Qc7+ Ka8 1/2-1/2

[Event "Tata Steel Group B"]
[Site "Wijk aan Zee NED"]
[Date "2014.01.11"]
[EventDate "2014.01.11"]
[Round "1"]
[Result "1/2-1/2"]
[White "Anna Muzychuk"]
[Black "Jan Timman"]
[WhiteElo "2566"]
[BlackElo "2607"]
[PlyCount "85"]

1. e4 e5 2. Nf3 Nc6 3. Bb5 a6 4. Ba4 Nf6 5. O-O Be7 6. Re1 b5
7. Bb3 d6 8. c3 O-O 9. d4 Bg4 10. Be3 exd4 11. cxd4 Na5
12. Bc2 Nc4 13. Bc1 c5 14. b3 Nb6 15. Nbd2 Rc8 16. h3 Bh5
17. a4 bxa4 18. bxa4 cxd4 19. Bd3 a5 20. Bb2 Nfd7 21. g4 Bg6
22. Nxd4 Ne5 23. Ba6 Ra8 24. Bb5 Bg5 25. N2f3 Nbc4 26. Bc1
Nxf3+ 27. Nxf3 Bf6 28. Ra2 Rc8 29. Qb3 d5 30. exd5 Qxd5 31. g5
Bh5 32. Rc2 Bxf3 33. Bxc4 Rxc4 34. Rxc4 Qf5 35. Rf4 Qxg5+
36. Rg4 Qf5 37. Rg3 Bc6 38. Bb2 Bxb2 39. Qxb2 g6 40. Qe5 Qxe5
41. Rxe5 Bxa4 42. Rxa5 Bd7 43. h4 1/2-1/2

[Event "Tata Steel Group B"]
[Site "Wijk aan Zee NED"]
[Date "2014.01.12"]
[EventDate "2014.01.11"]
[Round "2"]
[Result "1/2-1/2"]
[White "Dimitri Reinderman"]
[Black "Anna Muzychuk"]
[WhiteElo "2593"]
[BlackElo "2566"]
[PlyCount "75"]

1. c4 c5 2. Nf3 Nc6 3. Nc3 e5 4. g3 g6 5. Bg2 Bg7 6. a3 Nge7
7. Rb1 a5 8. d3 d6 9. O-O O-O 10. Bg5 f6 11. Be3 Be6 12. Ne1
b6 13. Nd5 Rc8 14. Bd2 Rb8 15. b4 axb4 16. axb4 Qd7 17. Nc2
Nd4 18. Nxe7+ Qxe7 19. Ne3 Qd7 20. Nd5 Bg4 21. Re1 b5 22. Bc3
Kh8 23. Qd2 f5 24. h3 Nxe2+ 25. Rxe2 Bxe2 26. Qxe2 bxc4
27. dxc4 cxb4 28. Bxb4 e4 29. Rd1 Be5 30. Qd2 Qa4 31. Bf1 Qa7
32. Nf4 e3 33. fxe3 Rxb4 34. Qxb4 Bxf4 35. gxf4 Qxe3+ 36. Kg2
Qe4+ 37. Kg1 Qe3+ 38. Kg2 1/2-1/2

[Event "Tata Steel Group B"]
[Site "Wijk aan Zee NED"]
[Date "2014.01.13"]
[EventDate "2014.01.11"]
[Round "3"]
[Result "1-0"]
[White "Anna Muzychuk"]
[Black "Kayden W Troff"]
[WhiteElo "2566"]
[BlackElo "2457"]
[PlyCount "83"]

1. e4 c5 2. Nf3 d6 3. d4 cxd4 4. Nxd4 Nf6 5. Nc3 a6 6. h3 e5
7. Nb3 b5 8. Bg5 Nbd7 9. a4 b4 10. Nd5 Bb7 11. Bc4 Qc8 12. Na5
Nxe4 13. Be3 Nef6 14. Nxb7 Qxc4 15. Nxf6+ gxf6 16. Nxd6+ Bxd6
17. Qxd6 Rc8 18. Rd1 Qc6 19. Qxb4 Qxg2 20. Kd2 Qc6 21. c3 Rb8
22. Qa3 a5 23. Rhg1 f5 24. f4 Qc4 25. Kc2 Qe2+ 26. Bd2 Qe4+
27. Kc1 Qc4 28. Rge1 Rb3 29. Qd6 e4 30. Be3 Rxc3+ 31. Kb1 Qxa4
32. bxc3 Qb3+ 33. Ka1 Qxc3+ 34. Ka2 Qc2+ 35. Ka3 Qc3+ 36. Ka4
Qc4+ 37. Kxa5 Qa2+ 38. Kb5 Qb3+ 39. Qb4 Qa2 40. Rxd7 Kxd7
41. Qd4+ Kc7 42. Qb6+ 1-0

[Event "Tata Steel Group B"]
[Site "Wijk aan Zee NED"]
[Date "2014.01.16"]
[EventDate "2014.01.11"]
[Round "5"]
[Result "1-0"]
[White "Anna Muzychuk"]
[Black "Etienne Goudriaan"]
[WhiteElo "2566"]
[BlackElo "2431"]
[PlyCount "99"]

1. e4 c5 2. Nf3 d6 3. d4 cxd4 4. Nxd4 Nf6 5. Nc3 a6 6. h3 e6
7. g4 Be7 8. Bg2 Nfd7 9. O-O b5 10. a4 b4 11. Na2 a5 12. c3
bxc3 13. Nxc3 Bb7 14. Ndb5 Ra6 15. Qe2 O-O 16. Rd1 Ne5 17. Be3
Nbd7 18. Rd2 Qb8 19. f4 Ng6 20. Rf1 Rc8 21. g5 Bd8 22. Qd1 Be7
23. Qg4 Nb6 24. b3 d5 25. exd5 Nxd5 26. Nxd5 Bxd5 27. Bxd5
exd5 28. f5 Ne5 29. Qg3 f6 30. Bf4 Rac6 31. Rxd5 Qb6+ 32. Be3
Bc5 33. Nd4 Kh8 34. g6 h6 35. Qh4 Kg8 36. Qe4 Qb4 37. Bf2 Kh8
38. Kg2 Bf8 39. Qe2 Rc5 40. Rxc5 Bxc5 41. Qb5 Qd2 42. Qb7 Rg8
43. Nf3 Qb2 44. Nxe5 fxe5 45. f6 Qc2 46. Qf7 Qe4+ 47. Kh2 Qe2
48. Qc4 Qxc4 49. bxc4 Bxf2 50. f7 1-0

[Event "Tata Steel Group B"]
[Site "Wijk aan Zee NED"]
[Date "2014.01.17"]
[EventDate "2014.01.11"]
[Round "6"]
[Result "1/2-1/2"]
[White "Baadur Jobava"]
[Black "Anna Muzychuk"]
[WhiteElo "2710"]
[BlackElo "2566"]
[PlyCount "116"]

1. e4 c5 2. Nf3 Nc6 3. d4 cxd4 4. Nxd4 Nf6 5. Nc3 e5 6. Nf5 d5
7. exd5 Bxf5 8. dxc6 bxc6 9. Bd3 Bxd3 10. Qxd3 Qxd3 11. cxd3
Nd5 12. Ke2 Rb8 13. Na4 Nb6 14. Nxb6 axb6 15. a4 Bd6 16. Be3
c5 17. g4 Kd7 18. Kf3 Ke6 19. Ke4 h5 20. h3 f6 21. b3 g6
22. Kf3 hxg4+ 23. hxg4 Kd5 24. g5 fxg5 25. Bxg5 Rxh1 26. Rxh1
Kd4 27. Rc1 b5 28. Be3+ Kd5 29. Ra1 Ra8 30. Bd2 Kd4 31. Ke2 e4
32. Be3+ Ke5 33. dxe4 Kxe4 34. Rd1 Ke5 35. axb5 Ra5 36. Kd3
Rxb5 37. Kc3 Ke6 38. Rg1 Be5+ 39. Kc2 Kf5 40. Rg5+ Kf6 41. Rg4
Kf5 42. f3 Rb4 43. Rc4 Rxc4+ 44. bxc4 g5 45. Kb3 g4 46. fxg4+
Kxg4 47. Ka4 Kf5 48. Kb5 Bd4 49. Bd2 Ke6 50. Kc6 Ke7 51. Ba5
Ke8 52. Bb6 Bc3 53. Bxc5 Kd8 54. Kb7 Kd7 55. Ba3 Bd4 56. Bb4
Be3 57. Ba5 Bc5 58. Bc7 Ba3 1/2-1/2

[Event "Tata Steel Group B"]
[Site "Wijk aan Zee NED"]
[Date "2014.01.18"]
[EventDate "2014.01.11"]
[Round "7"]
[Result "1/2-1/2"]
[White "Anna Muzychuk"]
[Black "Merijn van Delft"]
[WhiteElo "2566"]
[BlackElo "2430"]
[PlyCount "85"]

1. e4 c5 2. Nf3 e6 3. d4 cxd4 4. Nxd4 Nc6 5. Nc3 Qc7 6. Be3 a6
7. Qd2 Nf6 8. f4 Bb4 9. Bd3 b5 10. O-O-O Na5 11. Nde2 Nc4
12. Bxc4 Qxc4 13. Qd3 Qxd3 14. cxd3 Bb7 15. h3 h5 16. a3 Bf8
17. b4 a5 18. Nxb5 Rc8+ 19. Kb2 axb4 20. a4 d5 21. Rc1 Rxc1
22. Rxc1 dxe4 23. dxe4 Be7 24. a5 Bxe4 25. Rc8+ Bd8 26. a6 Kd7
27. Rb8 Re8 28. a7 Bc7 29. Nxc7 Kxc7 30. Bd4 Rc8 31. Ng3 Bxg2
32. Be5+ Kd7 33. Bxf6 gxf6 34. Rxc8 Kxc8 35. Nxh5 Kb7 36. h4
Kxa7 37. Ng3 Bf3 38. Kb3 Kb6 39. Kxb4 Kc6 40. h5 Bxh5 41. Nxh5
Kd5 42. Nxf6+ Kd4 43. Kb5 1/2-1/2

[Event "Tata Steel Group B"]
[Site "Wijk aan Zee NED"]
[Date "2014.01.19"]
[EventDate "2014.01.11"]
[Round "8"]
[Result "1/2-1/2"]
[White "Radoslaw Wojtaszek"]
[Black "Anna Muzychuk"]
[WhiteElo "2711"]
[BlackElo "2566"]
[PlyCount "101"]

1. d4 d5 2. Nf3 Nf6 3. c4 c6 4. e3 Bg4 5. Qb3 Qb6 6. Nc3 e6
7. Nh4 Bh5 8. h3 g5 9. Nf3 h6 10. Qc2 Bg6 11. Bd3 Bxd3
12. Qxd3 dxc4 13. Qxc4 Qa6 14. Qxa6 Nxa6 15. Ke2 c5 16. b3
cxd4 17. Nxd4 Bc5 18. Ndb5 Ke7 19. Na4 Rhc8 20. Nxc5 Nxc5
21. Ba3 a6 22. Nd4 a5 23. Rac1 b6 24. Rc4 Nfd7 25. Rhc1 h5
26. Nb5 f5 27. Rd4 Rc6 28. Rcd1 Nf6 29. f3 Nd5 30. e4 fxe4
31. fxe4 Nb4 32. Bc1 Nxa2 33. Bxg5+ Kf7 34. Rf1+ Kg6 35. Rf6+
Kxg5 36. e5 h4 37. Rg4+ Kh5 38. Nd4 Nc3+ 39. Ke1 Nd3+ 40. Kd2
Nxe5 41. Nxc6 Nxg4 42. hxg4+ Kg5 43. Rxe6 Na2 44. Re4 Rf8
45. Nd4 Rf2+ 46. Ke3 Rxg2 47. Nf3+ Kf6 48. g5+ Kg7 49. Rxh4
Nc1 50. Rh6 Rxg5 51. Rxb6 1/2-1/2

[Event "Tata Steel Group B"]
[Site "Wijk aan Zee NED"]
[Date "2014.01.21"]
[EventDate "2014.01.11"]
[Round "9"]
[Result "1/2-1/2"]
[White "Anna Muzychuk"]
[Black "Zhao Xue"]
[WhiteElo "2566"]
[BlackElo "2567"]
[PlyCount "65"]

1. e4 e5 2. Nf3 Nc6 3. Bb5 a6 4. Ba4 Nf6 5. O-O Be7 6. Re1 b5
7. Bb3 d6 8. c3 O-O 9. h3 Bb7 10. d4 Re8 11. Nbd2 Bf8 12. a4
h6 13. Bc2 exd4 14. cxd4 Nb4 15. Bb1 c5 16. d5 Nd7 17. Ra3 c4
18. axb5 axb5 19. Nd4 Qb6 20. Nf5 Ne5 21. Rg3 g6 22. Nf3 Ned3
23. Qd2 Nxe1 24. Nxe1 Ra1 25. Nxh6+ Bxh6 26. Qxh6 Nxd5
27. Rxg6+ fxg6 28. Qxg6+ Kf8 29. Qf5+ Kg7 30. Qg4+ Kf8
31. Qf5+ Kg7 32. Qg4+ Kf8 33. Qf5+ 1/2-1/2

[Event "Tata Steel Group B"]
[Site "Wijk aan Zee NED"]
[Date "2014.01.22"]
[EventDate "2014.01.11"]
[Round "10"]
[Result "1/2-1/2"]
[White "Anna Muzychuk"]
[Black "Ivan Saric"]
[WhiteElo "2566"]
[BlackElo "2637"]
[PlyCount "62"]

1. e4 c5 2. Nf3 Nc6 3. d4 cxd4 4. Nxd4 Nf6 5. Nc3 e5 6. Ndb5
d6 7. Bg5 a6 8. Na3 b5 9. Nd5 Be7 10. Bxf6 Bxf6 11. c4 b4
12. Nc2 O-O 13. Be2 Rb8 14. Qd3 Bg5 15. O-O Be6 16. b3 a5
17. Rad1 Kh8 18. f4 exf4 19. Nxf4 Qb6+ 20. Qe3 Qxe3+ 21. Nxe3
Rfd8 22. Nf5 Bxf5 23. exf5 Ne7 24. Nd5 Nxd5 25. Rxd5 Be3+
26. Kh1 Bc5 27. Bf3 Re8 28. Rd3 Re5 29. g4 Kg8 30. Kg2 Kf8
31. Rfd1 Rbe8 1/2-1/2

[Event "Tata Steel Group B"]
[Site "Wijk aan Zee NED"]
[Date "2014.01.24"]
[EventDate "2014.01.11"]
[Round "11"]
[Result "1-0"]
[White "Yu Yangyi"]
[Black "Anna Muzychuk"]
[WhiteElo "2677"]
[BlackElo "2566"]
[PlyCount "75"]

1. e4 c5 2. Nf3 e6 3. d4 cxd4 4. Nxd4 Nf6 5. Nc3 Nc6 6. Nxc6
bxc6 7. e5 Nd5 8. Ne4 Qc7 9. f4 Qa5+ 10. c3 Be7 11. Bd3 Qb6
12. Qe2 Rb8 13. a3 a5 14. c4 f5 15. exf6 Nxf6 16. Rb1 Nxe4
17. Bxe4 Qd4 18. b3 d5 19. Bd3 Bf6 20. Be3 Qc3+ 21. Bd2 Qd4
22. cxd5 Qxd5 23. O-O Rxb3 24. Rxb3 Qxb3 25. f5 Qxa3 26. fxe6
Qc5+ 27. Kh1 Qe5 28. Be4 Bxe6 29. Bxc6+ Ke7 30. Qa6 Rd8
31. Bxa5 Rc8 32. Re1 Qxa5 33. Qxa5 Rxc6 34. Qa7+ Kf8 35. h3
Bc8 36. Qa8 Rc7 37. Qd5 Bb7 38. Qd6+ 1-0

[Event "Tata Steel Group B"]
[Site "Wijk aan Zee NED"]
[Date "2014.01.26"]
[EventDate "2014.01.11"]
[Round "13.3"]
[Result "1/2-1/2"]
[White "Benjamin Bok"]
[Black "Anna Muzychuk"]
[WhiteElo "2560"]
[BlackElo "2566"]
[PlyCount "114"]

1. e4 c5 2. Nf3 e6 3. d3 Nc6 4. g3 g6 5. Bg2 Bg7 6. O-O Nge7
7. Re1 d6 8. c3 e5 9. a3 O-O 10. b4 h6 11. Nbd2 Be6 12. Bb2
Qd7 13. Qe2 Rac8 14. Rad1 b5 15. d4 exd4 16. cxd4 Nxd4
17. Nxd4 cxd4 18. Nf3 Bc4 19. Qd2 d3 20. Bxg7 Kxg7 21. Bf1 Qg4
22. Re3 Nc6 23. Bxd3 Ne5 24. Nxe5 dxe5 25. Bxc4 Rxc4 26. Qd7
Qxd7 27. Rxd7 a6 28. Re7 Kf6 29. Ra7 Rc6 30. Rf3+ Ke6 31. Rd3
f5 32. exf5+ gxf5 33. Rh7 Rf6 34. Rdd7 Rg6 35. Rhe7+ Kf6
36. Rf7+ Ke6 37. Rfe7+ Kf6 38. Ra7 e4 39. Re8 Kg5 40. Rf7 Rcf6
41. Rfe7 Rd6 42. Re5 Rd3 43. Rc5 Rxa3 44. Rxe4 Rf6 45. Re8 Kg6
46. Rc7 Rb3 47. Rg8+ Kh5 48. Kg2 Rxb4 49. f3 Rb2+ 50. Kh3 Rb3
51. f4 Rd3 52. Rh7 Rg6 53. Rf8 Rd5 54. Rhf7 Rb6 55. Rg7 Rg6
56. Rgf7 Rb6 57. Rg7 Rg6 1/2-1/2

[Event "Tradewise Gibraltar"]
[Site "Catalan Bay GIB"]
[Date "2014.02.05"]
[EventDate "2014.01.28"]
[Round "9.40"]
[Result "1/2-1/2"]
[White "Xander Wemmers"]
[Black "Anna Muzychuk"]
[WhiteElo "2348"]
[BlackElo "2566"]
[PlyCount "64"]

1. d4 Nf6 2. c4 e6 3. Nc3 Bb4 4. e3 O-O 5. Bd3 d5 6. cxd5 exd5
7. Ne2 Re8 8. Bd2 Bf8 9. Rc1 b6 10. O-O c5 11. Nf4 Bb7 12. Qf3
Nc6 13. Nh5 Nxh5 14. Qxh5 g6 15. Qxd5 cxd4 16. exd4 Nb4
17. Qxd8 Rexd8 18. Be4 Bxe4 19. Nxe4 Nxa2 20. Rc7 Rxd4
21. Nf6+ Kg7 22. Be3 Ra4 23. b3 Rb4 24. Nd5 Re4 25. Ra1 Nb4
26. Nxb6 Rd8 27. Rd7 Rxd7 28. Nxd7 Nc2 29. Rxa7 Nxe3 30. fxe3
Rxe3 31. Nxf8 Kxf8 32. Rb7 Kg7 1/2-1/2

[Event "Fraubundesliga -16"]
[Site "Germany GER"]
[Date "2015.12.05"]
[EventDate "2015.09.26"]
[Round "3.1"]
[Result "1-0"]
[White "Anna Muzychuk"]
[Black "Nino Batsiashvili"]
[WhiteElo "2549"]
[BlackElo "2500"]
[PlyCount "61"]

1. e4 e5 2. Nf3 Nc6 3. Bb5 a6 4. Ba4 Nf6 5. O-O Be7 6. d3 d6
7. c3 Bg4 8. Re1 O-O 9. Nbd2 b5 10. Bc2 d5 11. h3 Bh5 12. Qe2
dxe4 13. Nxe4 Bg6 14. Nh4 Qd7 15. Nxg6 hxg6 16. Ng5 Rad8
17. g3 Bd6 18. a4 Ne7 19. axb5 axb5 20. Qf3 Nf5 21. Bb3 Nh7
22. h4 Nf6 23. Kg2 Nh6 24. Ne4 Nxe4 25. dxe4 Ng4 26. Bg5 Rb8
27. Rh1 b4 28. cxb4 Rxb4 29. h5 Nxf2 30. hxg6 Rxb3 31. Rh8+
1-0

[Event "Fraubundesliga -16"]
[Site "Germany GER"]
[Date "2015.12.06"]
[EventDate "2015.09.26"]
[Round "4.1"]
[Result "1/2-1/2"]
[White "Cristina-Adela Foisor"]
[Black "Anna Muzychuk"]
[WhiteElo "2361"]
[BlackElo "2549"]
[PlyCount "28"]

1. c4 f5 2. g3 Nf6 3. Bg2 e5 4. Nc3 Bb4 5. Qb3 a5 6. a3 Bc5
7. Na4 Ba7 8. d3 Nc6 9. e3 d6 10. Ne2 O-O 11. Bd2 Qe8 12. Nac3
Bc5 13. Nd5 Qf7 14. Bc3 Kh8 1/2-1/2

[Event "Tradewise Gibraltar"]
[Site "Catalan Bay GIB"]
[Date "2016.01.27"]
[EventDate "2016.01.26"]
[Round "2.40"]
[Result "0-1"]
[White "Lars Oskar Hauge"]
[Black "Anna Muzychuk"]
[WhiteElo "2388"]
[BlackElo "2537"]
[PlyCount "58"]

1. d4 Nf6 2. Bg5 c5 3. d5 Ne4 4. Bf4 e6 5. f3 Bd6 6. Bxd6 Nxd6
7. e4 e5 8. c4 O-O 9. Nc3 f5 10. Bd3 b5 11. Nxb5 Nxb5 12. cxb5
fxe4 13. Bxe4 Qa5+ 14. Qd2 Qxb5 15. a4 Qb6 16. a5 Qb5 17. Ne2
d6 18. O-O Ba6 19. Rf2 Nd7 20. Nc3 Qb7 21. Bc2 Nf6 22. Ne4
Nxe4 23. Bxe4 Rab8 24. Qg5 Qd7 25. Qh4 g6 26. f4 exf4 27. g3
Qg7 28. Rxf4 Qxb2 29. Re1 Qd2 0-1

[Event "FIDE Women's Grand Prix Batumi"]
[Site "Batumi GEO"]
[Date "2016.04.27"]
[EventDate "2016.04.20"]
[Round "7"]
[Result "1-0"]
[White "Valentina Gunina"]
[Black "Anna Muzychuk"]
[WhiteElo "2497"]
[BlackElo "2555"]
[PlyCount "83"]

1. d4 Nf6 2. c4 g6 3. f3 Nc6 4. d5 Ne5 5. e4 d6 6. Nc3 Bg7
7. f4 Ned7 8. Nf3 O-O 9. Bd3 c6 10. O-O cxd5 11. cxd5 b5
12. h3 Nc5 13. a3 a5 14. Be3 Nxd3 15. Qxd3 Bd7 16. e5 Ne8
17. Nxb5 Bxb5 18. Qxb5 dxe5 19. Nxe5 Nc7 20. Qc5 Nxd5 21. Nc6
Nxe3 22. Nxd8 Rfxd8 23. Qxe7 Bxb2 24. f5 Re8 25. Qc7 Rac8
26. Qxa5 Bd4 27. Kh1 Nxf5 28. Rxf5 Bxa1 29. Rf1 Bc3 30. Qd5
Rc7 31. a4 Kg7 32. a5 Re5 33. Qd6 Rce7 34. a6 Re1 35. Kg1 R7e6
36. Qd3 R1e3 37. Qc4 Re7 38. Rf3 Rxf3 39. gxf3 Bf6 40. Qa4
Re1+ 41. Kf2 Ra1 42. Qxa1 1-0

[Event "FIDE Women's Grand Prix Batumi"]
[Site "Batumi GEO"]
[Date "2016.04.28"]
[EventDate "2016.04.20"]
[Round "8"]
[Result "1-0"]
[White "Anna Muzychuk"]
[Black "Zhao Xue"]
[WhiteElo "2555"]
[BlackElo "2504"]
[PlyCount "90"]

1. e4 e5 2. Nf3 Nc6 3. Bc4 Bc5 4. c3 Nf6 5. d3 Bb6 6. a4 d6
7. Bg5 h6 8. Bh4 a6 9. Nbd2 Be6 10. b4 Ne7 11. Qb3 Qd7 12. d4
exd4 13. Bxf6 gxf6 14. Nxd4 Bxd4 15. cxd4 d5 16. exd5 Bxd5
17. O-O Rg8 18. g3 O-O-O 19. b5 a5 20. Rac1 b6 21. Rfe1 Qh3
22. Bxd5 Nxd5 23. Nc4 Qg4 24. Qc2 Qd7 25. Ne3 Rge8 26. Qc6
Qxc6 27. Rxc6 Nb4 28. Rxf6 Rxd4 29. Rxf7 Nd3 30. Rd1 Ne5
31. Rxd4 Nxf7 32. g4 Re6 33. Nf5 c5 34. bxc6 Ne5 35. Kg2 Nxc6
36. Rd6 Rxd6 37. Nxd6+ Kc7 38. Nb5+ Kd7 39. f4 Ke6 40. Kf3 Nb4
41. h4 Nd3 42. Nc7+ Kd6 43. g5 hxg5 44. hxg5 Nb4 45. Nb5+ Kd5
1-0

[Event "FIDE Women's Grand Prix Batumi"]
[Site "Batumi GEO"]
[Date "2016.04.30"]
[EventDate "2016.04.20"]
[Round "9.1"]
[Result "1-0"]
[White "Nino Batsiashvili"]
[Black "Anna Muzychuk"]
[WhiteElo "2476"]
[BlackElo "2555"]
[PlyCount "159"]

1. d4 Nf6 2. c4 g6 3. f3 d5 4. cxd5 Nxd5 5. e4 Nb6 6. Nc3 Bg7
7. Be3 O-O 8. Qd2 Nc6 9. O-O-O e5 10. d5 Nd4 11. f4 c5 12. Nf3
Bg4 13. Be2 exf4 14. Bxf4 Nxe2+ 15. Qxe2 Bxc3 16. bxc3 Qf6
17. Bd2 Rfe8 18. h3 Bf5 19. Ng5 h6 20. g4 Nxd5 21. Qc4 hxg5
22. gxf5 Nb6 23. Qb3 c4 24. Qc2 Qe7 25. fxg6 fxg6 26. e5 Kg7
27. Be3 Rad8 28. Bd4 Qa3+ 29. Qb2 Qxb2+ 30. Kxb2 Nd5 31. h4 g4
32. Rdg1 Re6 33. Rxg4 b6 34. Rhg1 Rh8 35. Bf2 Rf8 36. Bd4 Rh8
37. Rd1 Ne7 38. Be3 Nf5 39. Rd7+ Re7 40. Rxe7+ Nxe7 41. Bg5
Re8 42. Rxc4 Nd5 43. Re4 Kf7 44. c4 Nb4 45. Rd4 Nc6 46. Rd7+
Kf8 47. Bh6+ Kg8 48. Kc3 Re6 49. a4 a6 50. Rg7+ Kh8 51. Rb7
Nxe5 52. Bg7+ Kg8 53. Bxe5 Rxe5 54. Rxb6 Kf7 55. Rxa6 Rh5
56. a5 Ke7 57. Ra8 Kd7 58. a6 Kc7 59. Rg8 Kb6 60. Rxg6+ Ka7
61. Rg4 Kxa6 62. Kd4 Kb6 63. Ke4 Kc6 64. Kf4 Kd6 65. Kg3 Ra5
66. Rg6+ Ke7 67. Rc6 Ra4 68. Kf4 Kd7 69. Rc5 Kd6 70. Rd5+ Ke6
71. Rd4 Kf6 72. Re4 Ra3 73. Re3 Ra4 74. Rc3 Ra1 75. c5 Ra4+
76. Kg3 Ke7 77. c6 Kd8 78. c7+ Kc8 79. h5 Rb4 80. Rc6 1-0